|
|
|
|
| LEADER |
01034cam a2200265 7i4500 |
| 001 |
0000027387 |
| 005 |
20230522090000.0 |
| 020 |
|
|
|a 9781557988102 (pbk.)
|
| 020 |
|
|
|a 1557988102 (pbk.)
|
| 090 |
0 |
0 |
|a BF76.7
|b .P83 2001
|
| 245 |
0 |
0 |
|a Publication manual of the American Psychological Association.
|
| 250 |
|
|
|a 5th ed.
|
| 260 |
|
|
|a Washington, DC:
|b American Psychological Association,
|c 2001.
|
| 300 |
|
|
|a xxviii, 439 p.:
|b ill.;
|c 27 cm.
|
| 500 |
|
|
|a Gift: Prof. Dr. Md Sidin bin Ahmad Ishak
|
| 650 |
0 |
0 |
|a Social sciences --
|x Authorship
|
| 650 |
0 |
0 |
|a Psychological literature --
|x Publishing
|
| 650 |
0 |
0 |
|a Psychology --
|x Authorship
|
| 710 |
2 |
|
|a American Psychological Association
|
| 997 |
|
|
|a Education & Social Sciences, Faculty
|b Social Sciences, Department
|
| 997 |
|
|
|a Centre for Foundation and General Studies
|
| 998 |
|
|
|a Industrial Psychology, Degree
|
| 998 |
|
|
|a Arts, Foundation
|
| 999 |
|
|
|a 0000037232
|b BOK
|c REFERENCE
|e Ground Floor, Bestari Jaya
|
| 999 |
|
|
|a 0000070926
|b BOK
|c OPEN SHELF
|e 1st Floor, Bestari Jaya
|